| 000 | 00423nam a2200169Ia 4500 | ||
|---|---|---|---|
| 005 | 20250423095352.0 | ||
| 008 | 250422s9999 xx 000 0 und d | ||
| 020 | _a978- 0- 312- 38328- 2 | ||
| 050 | _aPS3555.V2126F56 | ||
| 100 | _aJanet Evanovich | ||
| 245 | 0 | _aFinger Lickin' fifteen | |
| 260 | _bST. Martins's press | ||
| 260 | _c2009 | ||
| 300 | _a308 p | ||
| 650 | _aCooks- crimes against- fiction | ||
| 942 | _cBK | ||
| 999 |
_c30067 _d30067 |
||